LEADER 01601nam a2200361 u 4500 001 000000092614 003 CaOOAMICUS 005 20070226124946.0 008 060707s2006 gw u000 u eng u 020 $a316148875X 035 $a11095433 040 $aPUL$bita 100 1 $aElledge, C. D.$0(OLS)http://pul/name/59712 245 10$aLife after Death in Early Judaism :$bthe evidence of Josephus /$cC. D. Elledge. 260 $aTübingen :$bMohr Siebeck,$cc2006. 300 $axiv, 224 p. ;$c24 cm 490 1 $aWissenschaftliche Untersuchungen zum Neuen Testament.$aReihe 2 ;$v208 500 $aIndici: p. [203]-224. 504 $aBibliografia: p. [181]-201. 600 04$aIosephus, Flavius,$dsec. I.$0(OLS)http://pul/subject/8106 650 4$aGiudaismo$xDottrine.$0(OLS)http://pul/subject/77 650 4$aImmortalità$xStudi.$0(OLS)http://pul/subject/4357 830 0$aWissenschaftliche Untersuchungen zum Neuen Testament.$nReihe 2 ;$v208.$0(OLS)http://pul/title/264 850 $aPUL 852 $aPUL$W1$xSL Religione 1$y3$m16 I 208$j116465$nBK-PRI$b $qStampati$B116465$CPULBib$Z2$F116465 $HPUL101370 $81 941 1 $a8 960 $aJosephus, Flavius,$dsec. I$98106 960 $aGiuseppe, Flavio,$csec. I$98106 960 $aFlavio Giuseppe,$dsec. I$98106 960 $aFlavius Josephus,$dsec. I$98106 996 $6020$a316148875X$9(OLS)http://pul/number/121738 996 $6245$aLife after Death in Early Judaism :$bthe evidence of Josephus$9(OLS)http://pul/title/119513 996 $6260$aTübingen :$bMohr Siebeck$9(OLS)http://pul/publisher/52004 LEADER 01329nam a2200337 u 4500 001 000000039046 003 CaOOAMICUS 005 20070226113938.0 008 980430s1994 it u000 u ita u 020 $a8815045031 035 $a10793259 040 $aPUL(R)$bita 100 1 $aNigro, Mario,$d1912-1989.$0(OLS)http://pul/name/29071 245 10$aGiustizia amministrativa /$cMario Nigro. 250 $a4. ed.$ba cura di Enzo Cardi e Alessandro Nigro. 260 $aBologna :$bIl Mulino,$c1994. 300 $a402 p. ;$c24 cm 490 1 $aStrumenti (Il Mulino).$aDiritto 500 $aInclude indici. 504 $aIndicazioni bibliografiche p. 357. 650 4$aDiritto amministrativo$zItalia.$0(OLS)http://pul/subject/8339 700 1 $aNigro, Alessandro.$0(OLS)http://pul/name/29073 700 1 $aCardi, Enzo,$d1950-$0(OLS)http://pul/name/29072 830 0$aStrumenti (Il Mulino).$pDiritto.$0(OLS)http://pul/title/52038 850 $aPUL 852 $aPUL$W1$xSL Diritto e Scienze Sociali 1$y4$m175 L 22$j53132$nBK-PRI$b $qStampati$B53132$CPULBib$Z2$F53132 $81 941 1 $a8 961 $aINV: 76616 996 $6020$a8815045031$9(OLS)http://pul/number/48605 996 $6245$aGiustizia amministrativa$9(OLS)http://pul/title/52904 996 $6260$aBologna :$bIl Mulino$9(OLS)http://pul/publisher/47928